<?xml version="1.0" encoding="UTF-8"?><?xml-stylesheet type="text/xsl" href="static/style.xsl"?><OAI-PMH xmlns="http://www.openarchives.org/OAI/2.0/" xmlns:xsi="http://www.w3.org/2001/XMLSchema-instance" xsi:schemaLocation="http://www.openarchives.org/OAI/2.0/ http://www.openarchives.org/OAI/2.0/OAI-PMH.xsd"><responseDate>2026-04-18T04:18:36Z</responseDate><request verb="GetRecord" identifier="oai:www.recercat.cat:20.500.12327/2338" metadataPrefix="marc">https://recercat.cat/oai/request</request><GetRecord><record><header><identifier>oai:recercat.cat:20.500.12327/2338</identifier><datestamp>2025-10-22T11:07:11Z</datestamp><setSpec>com_2072_4428</setSpec><setSpec>com_2072_4427</setSpec><setSpec>col_2072_487898</setSpec></header><metadata><record xmlns="http://www.loc.gov/MARC21/slim" xmlns:dcterms="http://purl.org/dc/terms/" xmlns:xsi="http://www.w3.org/2001/XMLSchema-instance" xmlns:doc="http://www.lyncode.com/xoai" xsi:schemaLocation="http://www.loc.gov/MARC21/slim http://www.loc.gov/standards/marcxml/schema/MARC21slim.xsd">
   <leader>00925njm 22002777a 4500</leader>
   <datafield ind2=" " ind1=" " tag="042">
      <subfield code="a">dc</subfield>
   </datafield>
   <datafield ind2=" " ind1=" " tag="720">
      <subfield code="a">Mwangi, S.</subfield>
      <subfield code="e">author</subfield>
   </datafield>
   <datafield ind2=" " ind1=" " tag="720">
      <subfield code="a">Boulet, G.</subfield>
      <subfield code="e">author</subfield>
   </datafield>
   <datafield ind2=" " ind1=" " tag="720">
      <subfield code="a">LePage, M.</subfield>
      <subfield code="e">author</subfield>
   </datafield>
   <datafield ind2=" " ind1=" " tag="720">
      <subfield code="a">Gastellu-Etchegorry, J-P.</subfield>
      <subfield code="e">author</subfield>
   </datafield>
   <datafield ind2=" " ind1=" " tag="720">
      <subfield code="a">Bellvert, Joaquim</subfield>
      <subfield code="e">author</subfield>
   </datafield>
   <datafield ind2=" " ind1=" " tag="720">
      <subfield code="a">Lemaire, B.</subfield>
      <subfield code="e">author</subfield>
   </datafield>
   <datafield ind2=" " ind1=" " tag="720">
      <subfield code="a">Fanise, P.</subfield>
      <subfield code="e">author</subfield>
   </datafield>
   <datafield ind2=" " ind1=" " tag="720">
      <subfield code="a">Roujean, J-L.</subfield>
      <subfield code="e">author</subfield>
   </datafield>
   <datafield ind2=" " ind1=" " tag="720">
      <subfield code="a">Olioso, A.</subfield>
      <subfield code="e">author</subfield>
   </datafield>
   <datafield ind2=" " ind1=" " tag="260">
      <subfield code="c">2023-07-21</subfield>
   </datafield>
   <datafield ind2=" " ind1=" " tag="520">
      <subfield code="a">Land surface temperature is an essential climate variable that can serve as a proxy for detecting water deficiencies in croplands and wooded areas. Its measurement can however be influenced by anisotropic properties of surface targets leading to occurrence of directional effects on the signal. This may lead to an incorrect interpretation of thermal measurements. In this study, we perform model assessments and check the influence of thermal radiation directionality using data over a vineyard. To derive the overall directional surface temperatures, elemental values measured by individual cameras were aggregated according to the respective cover fractions/weights in viewing direction. Aggregated temperatures from the turbid model were compared to corresponding temperatures simulated by the 3D DART radiative transfer model. The reconstructed temperatures were then used in surface-energy-balance (SEB) simulations to assess the impact of the Sun-target-sensor geometry on retrievals. Here, the pseudo-isotropic Soil-Plant-Atmosphere-Remote-Sensing-of-Evapotranspiration (SPARSE) dual-source model together with the non-isotropic version (SPARSE4), were used. Both schemes were able to retrieve overall fluxes satisfactorily, confirming a previous study. However, the sensitivity (of flux and component temperature estimates) of the schemes to viewing direction was tested for the first time using reconstructed sets of directional thermal data to force the models. Degradation (relative to nadir) in flux retrieval cross-row was observed, with better consistency along rows. Overall, it was nevertheless shown that SPARSE4 is less influenced by the viewing direction of the temperature than SPARSE, particularly for strongly off-nadir viewing. Some directional/asymmetrical artefacts are however not well reproduced by the simple Radiative Transfer Methods (RTM), which can then manifest in and influence the subsequent thermal-infrared-driven SEB modelling.</subfield>
   </datafield>
   <datafield ind1="8" ind2=" " tag="024">
      <subfield code="a">Mwangi S, G. Boulet, M. LePage, J-P. Gastellu-Etchegorry, J. Bellvert, B. Lemaire, and P. Fanise et al. 2023. "Observation And Assessment Of Model Retrievals Of Surface Exchange Components Over A Row Canopy Using Directional Thermal Data". IEEE Journal of Selected Topics in Applied Earth Observations and Remote Sensing. doi: 10.1109/JSTARS.2023.3297709.</subfield>
   </datafield>
   <datafield ind1="8" ind2=" " tag="024">
      <subfield code="a">1939-1404</subfield>
   </datafield>
   <datafield ind1="8" ind2=" " tag="024">
      <subfield code="a">http://hdl.handle.net/20.500.12327/2338</subfield>
   </datafield>
   <datafield ind1="8" ind2=" " tag="024">
      <subfield code="a">https://doi.org/10.1109/JSTARS.2023.3297709</subfield>
   </datafield>
   <datafield ind2="0" ind1="0" tag="245">
      <subfield code="a">Observation and assessment of model retrievals of surface exchange components over a row canopy using directional thermal data</subfield>
   </datafield>
</record></metadata></record></GetRecord></OAI-PMH>